000 00482nam a2200181Ia 4500
005 20250326125633.0
008 250326s9999 xx 000 0 und d
037 _aTextbook
040 _aFMSL
_beng
_cFMSL
041 _aeng
_2eng
084 _aX:87 L6
_qFMSL
100 _aConarroe R R
_9739407
245 0 _aExecutive search
_cConarroe R R
260 _aNY
_bNY, Van Nostrand Reinhold
_c1976
300 _a108p
942 _cTB
_hX:87 L6
999 _c1278900
_d1278900